Current research topics in bioinorganic chemistry
Uloženo v:
| Hlavní autor: | |
|---|---|
| Médium: | Kniha |
| Jazyk: | angličtina |
| Vydáno: |
Nueva York
John Wiley
1973
|
| Edice: | Progress in Inorganic Chemistry, 18
|
| Témata: | |
| Tagy: |
Přidat tag
Žádné tagy, Buďte první, kdo vytvoří štítek k tomuto záznamu!
|
MARC
| LEADER | 00000nam a2200000 a 4500 | ||
|---|---|---|---|
| 001 | UCT5804 | ||
| 003 | CL-VaPUC | ||
| 008 | 961223e19730000US |||||||||||||||||eng|d | ||
| 082 | 0 | 4 | |a 546 |b LIP |2 21 |
| 100 | |a Lippard, Stephen J. |e autor |9 476431 | ||
| 245 | 1 | 0 | |a Current research topics in bioinorganic chemistry |
| 300 | |a 454 p | ||
| 942 | |c BK | ||
| 945 | |d 19961223 00:00:00 |a nastorga | ||
| 260 | |a Nueva York |b John Wiley |c 1973 | ||
| 650 | 0 | |a Química inorgánica |9 260154 | |
| 650 | 0 | |a Bioquímica |9 259492 | |
| 650 | 0 | |a Metales |9 260686 | |
| 650 | 7 | |a IONES |2 CL-VaPUC |9 337399 | |
| 650 | 0 | |a Magnetismo |9 260336 | |
| 650 | 7 | |a RESONANCIA |2 CL-VaPUC |9 356868 | |
| 650 | 7 | |a SISTEMAS BIOLOGICOS |2 CL-VaPUC |9 375368 | |
| 650 | 0 | |a Investigación |9 257811 | |
| 583 | |a last modification |c 19961223 00:00:00 |k Rodrigo Vera | ||
| 490 | 0 | |a Progress in Inorganic Chemistry, 18 | |
| 999 | |c 254612 |d 254610 | ||